All Pouya Songs - Statistics

General Stats
  • This quiz has been taken 20 times
  • The average score is 51 of 153
Answer Stats
Album Song % Correct
Drop Out of School Drop Out of School
82%
FIVE FIVE FIVE FIVE
82%
F**k It F**k It (Freestyle)
82%
FIVE FIVE Void
82%
$outh $ide $uicide $outh $ide $uicide
73%
FIVE FIVE Aftershock
64%
$outh $ide $uicide Cold Turkey
55%
The South Got Something to Say FIVE SIX
55%
$outh $ide $uicide Gluttony
55%
Stunna Intro
55%
Drop Out of School Middle of the Mall
55%
WarBucks WarBucks
55%
The South Got Something to Say Cyanide
45%
FIVE FIVE Daddy Issue
45%
FIVE FIVE Don't Bang My Line
45%
Don't Sleep On Me Hoe Don't Sleep On Me Hoe
45%
The South Got Something to Say Florida Thang
45%
The South Got Something to Say Mood Swing Misery
45%
$outh $ide $uicide Muddy Blunts
45%
F**k It Outro
45%
$outh $ide $uicide Runnin' Thru the 7th with My Woadies
45%
Stunna Stunna
45%
South Side Slugs Suicidal Thoughts in the Back of the Cadillac
45%
FIVE FIVE Suicidal Thoughts in the Back of the Cadillac Pt. 2
45%
The South Got Something to Say Superman Is Dead
45%
The South Got Something to Say Talk to Me Before I Die
45%
FIVE FIVE Voices
45%
FIVE FIVE Weighing on Me
45%
Underground Underdog 41
36%
The South Got Something to Say 95
36%
FIVE FIVE Back Off Me
36%
Drop Out of School Boom
36%
The South Got Something to Say BULLETPROOF SHOWER CAP
36%
The South Got Something to Say Cruisin' in the MIA
36%
Underground Underdog Energy
36%
Baby Bone Get Buck
36%
FIVE FIVE Handshakes
36%
FIVE FIVE One Time
36%
Drop Out of School Save Me
36%
Underground Underdog Scrubs
36%
The South Got Something to Say Six Speed
36%
The South Got Something to Say SUCK MY DICK
36%
Drop Out of School Undecided
36%
Greatest Hits, Vol. 1 12,000 Miles
27%
South Side Slugs 241
27%
WarBucks 90's Groove
27%
Drop Out of School All On Me
27%
Don't Sleep On Me Hoe Atari
27%
Underground Underdog Badonk
27%
F**k It BBBB Part 1
27%
F**k It BBBB Part 2
27%
Greatest Hits, Vol. 1 B***h, Park Backwards
27%
Underground Underdog Billy Mays
27%
Don't Sleep On Me Hoe Bumble Bee Buzzin B***h
27%
Underground Underdog But Wait, There's More
27%
Stunna By Yo Side
27%
F**k It Clip
27%
Stunna Copy Cat
27%
Don't Sleep On Me Hoe Cosmic Thoughts
27%
Greatest Hits, Vol. 1 Crowd Control
27%
South Side Slugs Dandy in Love
27%
Don't Sleep On Me Hoe Death 4rm Da Triple Glock
27%
Stunna Different
27%
Underground Underdog Don't Be a Hoe
27%
Don't Sleep On Me Hoe DSOMH Cypher
27%
Stunna Everything Good
27%
South Side Slugs Father of Contention
27%
Underground Underdog Fat Hoes
27%
WarBucks Feel That
27%
Don't Sleep On Me Hoe F**king Your B***h
27%
F**k It F**k It Intro
27%
Stunna FLAwda
27%
Don't Sleep On Me Hoe FRE$H
27%
South Side Slugs FYE
27%
Don't Sleep On Me Hoe Genius
27%
Greatest Hits, Vol. 1 Get Money (Take Money)
27%
Baby Bone Gotta Go
27%
Underground Underdog Great Influence
27%
South Side Slugs Heed
27%
Baby Bone Hold Up
27%
Underground Underdog Hunnit Hunnit
27%
Don't Sleep On Me Hoe IDGAF
27%
South Side Slugs I Know You See It
27%
The South Got Something to Say I'm Alive
27%
WarBucks IndigoB
27%
F**k It It's a Trip
27%
South Side Slugs It's Britney B***h
27%
Stunna Keep in Touch
27%
Don't Sleep On Me Hoe Kendall Drive (Outro)
27%
Gookin Lead Pipe
27%
Underground Underdog Lick the Sweat Off My Nuts
27%
Stunna Like Them
27%
F**k It Lil' Pou
27%
Don't Sleep On Me Hoe Lil Pou Chopped
27%
F**k It Loop
27%
South Side Slugs Low
27%
South Side Slugs Loyal to My Soil
27%
F**k It Lyrical Saints
27%
WarBucks May I
27%
Underground Underdog MFG
27%
Gookin Move That B***h to the Back
27%
Gookin Nachos Grande
27%
South Side Slugs Never Fold
27%
Stunna Not the One
27%
Gookin Ol Box Body
27%
Greatest Hits, Vol. 3 Pe$Os
27%
Drop Out of School Perfect
27%
F**k It Pouya x Propr Boi$ (Freestyle)
27%
F**k It Pouya x Ruben Slikk (Freestyle)
27%
Don't Sleep On Me Hoe Preacher (Holy Flow)
27%
Underground Underdog Prime
27%
Greatest Hits, Vol. 3 Real Street Migo
27%
Drop Out of School Remember Us?
27%
Greatest Hits, Vol. 3 Rey Mysterio (Remix)
27%
Stunna Right Now
27%
Don't Sleep On Me Hoe Rip Em
27%
The South Got Something to Say Run It Down
27%
Drop Out of School Run It Up
27%
Baby Bone Say Hello
27%
The South Got Something to Say Settle Down
27%
F**k It Shaolin Style
27%
F**k It Shotz from the Double Glock
27%
F**k It Sickness
27%
Greatest Hits, Vol. 3 Sit Ups
27%
F**k It Skittles
27%
South Side Slugs Smash Bros
27%
South Side Slugs So What
27%
South Side Slugs Spice Girls
27%
Stunna Stop
27%
South Side Slugs Strange
27%
F**k It Suit
27%
Gookin Tekken Tag Tournament
27%
Stunna Temptation
27%
Baby Bone Tha Rise
27%
Gookin The Mall
27%
South Side Slugs The Sensual Sounds of Kevin Pouya
27%
WarBucks This N That
27%
Greatest Hits, Vol. 1 Toe Tags
27%
WarBucks Told Ya
27%
Drop Out of School Torch
27%
Stunna To Whom It May Concern
27%
Greatest Hits, Vol. 3 Trick or Treat
27%
South Side Slugs Uma
27%
Greatest Hits, Vol. 3 Umm
27%
Greatest Hits, Vol. 3 Vice City
27%
Don't Sleep On Me Hoe Wake Up Call
27%
F**k It We Ain't Joking
27%
WarBucks What You Gotta Say
27%
The South Got Something to Say When Will I See You?
27%
South Side Slugs Wylin
27%
Baby Bone You Know I Know
27%
F**k It Young MF
27%
Underground Underdog Yuh
27%
No matching quizzes found
Score Distribution
Percent of People with Each Score
Percentile by Number Answered
Your Score History
You have not taken this quiz